Państwa z najmniejszą ilością imigrantów na mieszkańca - Statystyki

Ogólne statystyki
  • Ten quiz został rozwiązany 29 razy
  • Średni wynik to 7 z 19
Statystyki odpowiedzi
Procent migrantów
w całej populacji
Liczba migrantów Kraj % Poprawnych
0,2 49,393 Korea Północna
83%
0,1 1,030,871 Chiny
79%
0,4 5,154,737 Indie
67%
0,1 353,135 Indonezja
58%
0,1 76,104 Wietnam
58%
0,2 218,530 Filipiny
50%
0,4 149,762 Afganistan
46%
0,1 75,998 Birma/Mjanma
46%
0,2 18,756 Haiti
38%
0,3 52,131 Somalia
38%
0,4 807,006 Brazylia
33%
0,0 4,886 Kuba
29%
0,4 31,212 Papua Nowa Gwinea
29%
0,3 98,574 Maroko
21%
0,4 38,933 Honduras
17%
0,1 34,934 Madagaskar
17%
0,2 40,018 Sri Lanka
13%
0,3 6,928 Lesotho
8%
0,4 2,532 Wyspy Salomona
4%
Nie znaleziono quizów pasujących do podanych kryteriów
Rozkład punktacji
Procent ludzi z każdym wynikiem
Percentyl według liczby udzielonych odpowiedzi
Twoja historia wyników
Nie rozwiązałeś tego quizu